| 000 | 00892cam a2200253 a 4500 | ||
|---|---|---|---|
| 001 | 000012019 | ||
| 003 | OSt | ||
| 005 | 20201002120515.0 | ||
| 008 | 831229s1972 pr a 000 0 spa d | ||
| 040 |
_aDO-SdBNP _bspa _cBNPHU |
||
| 082 |
_a398.097295 _bA366a, 1971 |
||
| 100 | 1 |
_aAlegría, José S. _919939 |
|
| 245 | 1 | 3 |
_aEl alma de la aldea : _bcuadros de costumbres puertorriqueñas / _cJosé S. Alegría ; prólogo Emilio S. Belaval. |
| 250 | _a2a ed. | ||
| 260 |
_aSan Juan, Puerto Rico : _bColección de Estudios Puertorriqueños, _c1972. |
||
| 300 |
_a132 p. : _bil. ; _c22 cm. |
||
| 490 | 1 | _aColección de Estudios Puertorriqueños | |
| 590 | _aInventariado, 2020 / DG | ||
| 651 | 4 |
_aPuerto Rico _xFolklore _928426 |
|
| 651 | 4 |
_aPuerto Rico _xVida Social Y Costumbres _99074 |
|
| 700 | 1 |
_aBelaval, Emilio S., _epról. _928427 |
|
| 910 | _aInventariado, 2020 / DG | ||
| 942 |
_2ddc _cLF1 |
||
| 999 |
_c11687 _d11687 |
||